000 01124nam a2200265 4500
008 090720s2008 ph b 000 0 eng d
020 _a9710511246 (v.1) ::Php998.00/set of 2/gift :Eugene & Anita Choi
020 _a9789710511242 (v.1)
041 0 _aeng
_aita
090 _aBX1615
_bK91
_b2008
_bv.I
100 1 _aKroeger, James H.
245 1 0 _aTheology from the heart of Asia :
_bFABC doctoral dissertations /
_cJames H. Kroger.
260 _aQuezon City, Philippines :
_bClaretian Publication,
_cc2008.
300 _a2 v. ;
_c25 cm.
500 _aCollection of bibliographies from doctoral dissertations.
505 0 _av. 1. FABC Doctoral Dissertations (1985-1998) -- v. 2. FABC Doctoral Dissertations (1998-2008).
546 _aText in English and Italian.
610 2 4 _aCatholic Church
_xBishops
_zAsia.
610 2 4 _aCatholic Church
_zAsia.
610 2 4 _aFederation of Asian Bishops's Conferences.
650 4 _aChristianity
_zAsia
_vBibliography.
650 4 _aTheology, Doctrinal
_zAsia
_vBibliography.
951 _p33104
_x00037953
_ofilBX1615/K91/2008/v.I
_j090720123559210
_d2000-12-21
_cFIL
999 _c33523
_d33523